000 00690nam a22001457a 4500
003 MACL
005 20200312165259.0
008 200312b xxu||||| |||| 00| 0 eng d
040 _cMACL
100 _aगुप्‍ता,संजय
_978630
245 _aमध्‍य प्रदेश राज्‍य सेवा मुख्‍य परीक्षा दर्पण भारतीय अर्थव्‍यवस्‍था भाग-2 प्रश्‍न पत्र-3
260 _aग्‍वालियर
_bश्री अचलेश्‍वर बुक स्‍टोर
_c2020
650 _aअर्थशास्‍त्र
_978637
942 _2ddc
_cHIN
999 _c62397
_d62397